Témoignage sur la situation actuelle en France par un dirigeant francais d'action catholique

Guardat en:
Dades bibliogràfiques
Format: Llibre
Idioma:francès
Publicat: Montreal De L'arbre 1941
Matèries:
Etiquetes: Afegir etiqueta
Sense etiquetes, Sigues el primer a etiquetar aquest registre!

MARC

LEADER 00000nam a2200000 a 4500
001 UCH2468
003 CL-VaPUC
008 090611e19410000CN |||||||||||||||||fre|d
082 0 4 |a 261.7  |b TEM  |2 21 
245 1 0 |a Témoignage sur la situation actuelle en France par un dirigeant francais d'action catholique 
300 |a 117 p 
942 |c BK 
945 |d 20090611 00:00:00  |a dcastane 
260 |a Montreal  |b De L'arbre  |c 1941 
650 0 |a Acción católica  |9 257808 
650 0 |a Laicos  |9 255625 
650 0 |a Iglesia Católica  |9 256114 
651 7 |a CANADA  |2 CL-VaPUC  |9 537305 
583 |a last modification  |c 20090611 00:00:00  |k Rodrigo Vera 
999 |c 334201  |d 334199 
952 |0 0  |1 0  |4 0  |6 261_700000000000000_TEM_1941  |7 0  |8 X  |9 423048  |a FDOBUD  |b FDOBUD  |d 2019-11-22  |i 4555988  |o 261.7 TEM 1941  |p 4555988  |r 2019-11-22  |w 2019-11-22  |y BK_X  |k BUD